000
00203 a2200097 4500
001
3984
100
_a
Gay,H
245
_a
analytic geometry & calculas
260
_a
_b
Mcgrawhill
_c
090
_c
3213
_d
3213
942
_a
NUST-CAE
_c
M
_c
24592
999
_c
239057
_d
239057